[Event "Montmagny op"]
[Site "Montmagny CAN"]
[Date "2011.11.12"]
[Round "3"]
[White "Hebert, Jean"]
[Black "Sambuev, Bator"]
[Result "0-1"]
[WhiteElo "2417"]
[BlackElo "2568"]
[PlyCount "68"]
[GameId "2160767909573627"]
[EventDate "2011.11.11"]
[EventType "swiss"]
[EventRounds "5"]
[EventCountry "CAN"]
[SourceTitle "EXT 2022"]
[Source "ChessBase"]
[SourceDate "2021.10.06"]
[SourceVersion "1"]
[SourceVersionDate "2021.10.06"]
[SourceQuality "1"]

1. d4 Nf6 2. c4 g6 3. Nc3 Bg7 4. Bg5 O-O 5. e3 c5 6. d5 b5 7. cxb5 a6 8. Nf3 d6 9. a4 Qa5 10. Nd2 Nbd7 11. Ra3 Nb6 12. e4 c4 13. Bxf6 exf6 14. Nxc4 Nxc4 15. Bxc4 f5 16. O-O fxe4 17. bxa6 f5 18. Qe2 Bd4 19. Rd1 Bc5 20. Raa1 e3 21. f4 Bxa6 22. Bxa6 Qxa6 23. Kf1 Qb7 24. Nb5 Rfe8 25. g3 Re4 26. b3 Rb4 27. Rab1 Re8 28. Rd3 Qe7 29. Kg1 g5 30. fxg5 f4 31. Rf1 Rf8 32. Rf3 Qe4 33. Rd1 Rxb3 34. Rdf1 Rb2 0-1

[Event "Montmagny op"]
[Site "Montmagny CAN"]
[Date "2011.11.13"]
[Round "4"]
[White "Fairbairn, Stephen"]
[Black "Hebert, Jean"]
[Result "0-1"]
[WhiteElo "1944"]
[BlackElo "2417"]
[PlyCount "50"]
[GameId "2160767909573633"]
[EventDate "2011.11.11"]
[EventType "swiss"]
[EventRounds "5"]
[EventCountry "CAN"]
[SourceTitle "EXT 2022"]
[Source "ChessBase"]
[SourceDate "2021.10.06"]
[SourceVersion "1"]
[SourceVersionDate "2021.10.06"]
[SourceQuality "1"]

1. c4 e5 2. g3 Nf6 3. Bg2 d5 4. cxd5 Nxd5 5. Nc3 Nb6 6. Nf3 Nc6 7. O-O Be7 8. d3 O-O 9. a3 Re8 10. b4 Bf8 11. Rb1 a5 12. b5 Nd4 13. Nxd4 exd4 14. Ne4 h6 15. Bb2 a4 16. Qc2 f5 17. Nc5 Ra7 18. Rfc1 Re5 19. Nxb7 Rxb7 20. Bxb7 Bxb7 21. Qd2 Rxb5 22. Qf4 Qd5 23. f3 Bd6 24. Qd2 Qa2 25. Qd1 Rxb2 0-1

[Event "Montmagny op"]
[Site "Montmagny CAN"]
[Date "2011.11.13"]
[Round "5"]
[White "Hebert, Jean"]
[Black "Kraiouchkine, Nikita"]
[Result "1/2-1/2"]
[WhiteElo "2417"]
[BlackElo "2283"]
[PlyCount "161"]
[GameId "2160767909573635"]
[EventDate "2011.11.11"]
[EventType "swiss"]
[EventRounds "5"]
[EventCountry "CAN"]
[SourceTitle "EXT 2022"]
[Source "ChessBase"]
[SourceDate "2021.10.06"]
[SourceVersion "1"]
[SourceVersionDate "2021.10.06"]
[SourceQuality "1"]

1. c4 e5 2. Nc3 Nf6 3. Nf3 Nc6 4. g3 d5 5. cxd5 Nxd5 6. Bg2 Be6 7. O-O Be7 8. d4 exd4 9. Nb5 d3 10. Qxd3 Ndb4 11. Qxd8+ Bxd8 12. Bf4 Nd5 13. Bd2 f6 14. Rac1 O-O 15. e4 Nb6 16. b3 Bf7 17. Bf4 a6 18. Nbd4 Nxd4 19. Nxd4 c6 20. Nf5 Nc8 21. Rfd1 Be6 22. Bf1 g6 23. Nd4 Bf7 24. Bh3 Re8 25. Bd7 Rxe4 26. Nxc6 Ne7 27. Nxd8 Rxd8 28. Bg4 Red4 29. Rxd4 Rxd4 30. Bf3 Nc6 31. Be3 Rd8 32. Rd1 Rxd1+ 33. Bxd1 Bd5 34. h4 h5 35. Kf1 f5 36. Ke1 Kf7 37. Kd2 b5 38. Bc5 Ke6 39. Be2 Ke5 40. Ke3 Be4 41. b4 Nd8 42. Bd1 Bd5 43. a3 Bc4 44. Bb6 Ne6 45. Ba7 Bd5 46. Bd4+ Kd6 47. Bf6 Ba2 48. Bc2 Nc7 49. Bb2 Bf7 50. f3 Ne6 51. Bd3 Be8 52. Be2 Bc6 53. Bf6 Nc7 54. Bg5 Ne6 55. Bh6 Ke7 56. Bf4 Kf6 57. Bd6 Kf7 58. Be5 Ke7 59. Bd1 Bd5 60. a4 Bc6 61. axb5 axb5 62. g4 fxg4 63. fxg4 hxg4 64. Bxg4 Kf7 65. Be2 Ke7 66. Bd3 Be8 67. Be2 Bc6 68. Bf3 Be8 69. Bc3 Bd7 70. Bd5 Be8 71. Ke4 g5 72. Ke5 Nc7 73. Bg2 gxh4 74. Be1 Bf7 75. Bxh4+ Kd7 76. Bb7 Ne8 77. Bd5 Bxd5 78. Kxd5 Nc7+ 79. Kc5 Na6+ 80. Kxb5 Nxb4 81. Kxb4 1/2-1/2

[Event "Quebec-ch Elite"]
[Site "Montreal CAN"]
[Date "2011.10.07"]
[Round "1"]
[White "Le Duin, Thierry"]
[Black "Hebert, Jean"]
[Result "0-1"]
[WhiteElo "2011"]
[BlackElo "2410"]
[PlyCount "48"]
[GameId "2160767909648090"]
[EventDate "2011.10.07"]
[EventType "swiss"]
[EventRounds "7"]
[EventCountry "CAN"]
[SourceTitle "EXT 2022"]
[Source "ChessBase"]
[SourceDate "2021.10.06"]
[SourceVersion "1"]
[SourceVersionDate "2021.10.06"]
[SourceQuality "1"]

1. d4 Nf6 2. Nf3 g6 3. c4 Bg7 4. Nc3 O-O 5. Bf4 d6 6. e3 c5 7. dxc5 dxc5 8. Qxd8 Rxd8 9. Rd1 Rxd1+ 10. Kxd1 Nc6 11. Ne5 Nxe5 12. Bxe5 Ng4 13. Bxg7 Nxf2+ 14. Ke1 Nxh1 15. Be5 f6 16. Bc7 Bd7 17. Nd5 Kf7 18. g3 b6 19. e4 g5 20. Bg2 Re8 21. e5 Be6 22. Bxh1 Bxd5 23. Bxd5+ e6 24. Bd6 exd5 0-1

[Event "Quebec-ch Elite"]
[Site "Montreal CAN"]
[Date "2011.10.08"]
[Round "2"]
[White "Hebert, Jean"]
[Black "Chiku-Ratte, Olivier-Kenta"]
[Result "1-0"]
[WhiteElo "2410"]
[BlackElo "2143"]
[PlyCount "119"]
[GameId "2160767909648103"]
[EventDate "2011.10.07"]
[EventType "swiss"]
[EventRounds "7"]
[EventCountry "CAN"]
[SourceTitle "EXT 2022"]
[Source "ChessBase"]
[SourceDate "2021.10.06"]
[SourceVersion "1"]
[SourceVersionDate "2021.10.06"]
[SourceQuality "1"]

1. d4 Nf6 2. c4 c5 3. d5 e6 4. Nc3 exd5 5. cxd5 d6 6. e4 g6 7. Bd3 Bg7 8. h3 Nbd7 9. Nf3 Nh5 10. Bg5 Bf6 11. Bh6 Ng7 12. Bf4 Ne5 13. Nxe5 Bxe5 14. Bxe5 dxe5 15. Qd2 O-O 16. Qe3 b6 17. O-O-O Ne8 18. f4 Qe7 19. f5 Nd6 20. h4 gxf5 21. Qg5+ Qxg5+ 22. hxg5 fxe4 23. Nxe4 Nxe4 24. Bxe4 Bg4 25. Rdf1 h5 26. Rf6 Kg7 27. Kd2 Rad8 28. Ke3 Rd7 29. Rhf1 Rdd8 30. a3 Rc8 31. Kd2 Rcd8 32. Kc3 Rc8 33. R1f2 c4 34. g3 b5 35. Ra6 Rc7 36. Rff6 Rd8 37. Rh6 f5 38. Rag6+ Kf7 39. d6 Rc5 40. Rf6+ Kg7 41. Rhg6+ Kh7 42. Rh6+ Kg7 43. Kb4 Rdc8 44. d7 fxe4 45. dxc8=Q Rxc8 46. Rc6 a5+ 47. Kc3 Rd8 48. Rhd6 Rxd6 49. Rxd6 e3 50. Rb6 e2 51. Kd2 b4 52. axb4 a4 53. Rc6 Kf7 54. Rxc4 Bf3 55. b5 Kg6 56. b6 Kxg5 57. Rb4 e4 58. Ke1 e3 59. Rf4 Bc6 60. Kxe2 1-0

[Event "Quebec-ch Elite"]
[Site "Montreal CAN"]
[Date "2011.10.08"]
[Round "3"]
[White "Gulko, Andrei"]
[Black "Hebert, Jean"]
[Result "0-1"]
[WhiteElo "2162"]
[BlackElo "2410"]
[PlyCount "144"]
[GameId "2160767909648119"]
[EventDate "2011.10.07"]
[EventType "swiss"]
[EventRounds "7"]
[EventCountry "CAN"]
[SourceTitle "hb 2011"]

1. d4 Nf6 2. Bg5 c5 3. Bxf6 gxf6 4. d5 Qb6 5. Qc1 f5 6. e3 Bg7 7. c3 e5 8. Na3 d6 9. Nc4 Qc7 10. a4 Nd7 11. g3 Nf6 12. Bg2 h5 13. h4 Bh6 14. Nh3 Rg8 15. Qd2 b6 16. Na3 a6 17. Nc4 Rb8 18. a5 bxa5 19. Nxa5 Bd7 20. Qe2 Bb5 21. c4 Bd7 22. Bf3 Ng4 23. Ng5 Ke7 24. Kf1 Bxg5 25. hxg5 Rxg5 26. Bxg4 fxg4 27. Kg2 Qb6 28. b3 Rbg8 29. Qd3 R8g6 30. Rhd1 Rf6 31. Nc6+ Bxc6 32. dxc6 Qxc6+ 33. Qd5 Qxd5+ 34. Rxd5 Rgf5 35. Rd2 Rf3 36. Re2 e4 37. Rh1 R3f5 38. Rd2 Kd7 39. Ra1 h4 40. gxh4 Rf3 41. h5 g3 42. Raa2 R6f5 43. fxg3 Rg5 44. Rxa6 Rgxg3+ 45. Kh2 Rxe3 46. Raxd6+ Ke7 47. R6d5 Rh3+ 48. Kg1 Reg3+ 49. Rg2 Rxb3 50. Re5+ Kf6 51. Rxe4 Rxh5 52. Rf2+ Rf5 53. Rxf5+ Kxf5 54. Re7 Rc3 55. Rxf7+ Ke4 56. Rd7 Rd3 57. Rh7 Kd4 58. Rh4+ Kc3 59. Kf2 Rd4 60. Rh8 Kxc4 61. Rc8 Rd5 62. Ke3 Kc3 63. Ke4 Rd4+ 64. Ke3 c4 65. Rc7 Rd8 66. Ke2 Kb3 67. Rc6 c3 68. Rc7 Kc2 69. Ke3 Kb2 70. Ke2 c2 71. Rb7+ Kc1 72. Rh7 Rb8 0-1

[Event "Quebec-ch Elite"]
[Site "Montreal CAN"]
[Date "2011.10.09"]
[Round "4"]
[White "Hebert, Jean"]
[Black "Chabot, Roland"]
[Result "1-0"]
[WhiteElo "2410"]
[BlackElo "2155"]
[PlyCount "113"]
[GameId "2160767909648133"]
[EventDate "2011.10.07"]
[EventType "swiss"]
[EventRounds "7"]
[EventCountry "CAN"]
[SourceTitle "hb 2011"]

1. d4 d6 2. e4 Nf6 3. Nc3 e5 4. Nf3 Nbd7 5. Bc4 Be7 6. O-O O-O 7. Re1 c6 8. a4 a5 9. h3 exd4 10. Nxd4 Nb6 11. Bf1 d5 12. e5 Ne8 13. Nce2 c5 14. Nb5 Bd7 15. Nf4 Bc6 16. Qg4 g6 17. e6 f5 18. Qd1 Ng7 19. b3 Bf6 20. Ba3 Be7 21. Bb2 Nc8 22. c4 d4 23. Nd5 b6 24. g3 Bxd5 25. cxd5 Ne8 26. Bg2 Ned6 27. Na3 Rb8 28. Qe2 Rb7 29. h4 Bf6 30. Rab1 Re8 31. Bc1 Ree7 32. Bf4 Re8 33. Qd3 Be7 34. Re2 Kg7 35. Rc1 h6 36. h5 g5 37. Be5+ Bf6 38. Bxd6 Nxd6 39. Nc4 Be7 40. Nxd6 Bxd6 41. Qxf5 Qf6 42. Qe4 Kg8 43. Bh3 Rf8 44. Bg4 Rg7 45. Rd1 Qe7 46. Rd3 Rf6 47. Rf3 Kh8 48. Bf5 Rg8 49. Bg6 Rg7 50. Kg2 Rxf3 51. Qxf3 Qf8 52. Bf7 Qe7 53. Qd3 Qb7 54. Qe4 Qc7 55. e7 Bxe7 56. Qxe7 Rxf7 57. Qe6 1-0

[Event "Quebec-ch Elite"]
[Site "Montreal CAN"]
[Date "2011.10.09"]
[Round "5"]
[White "Kovalyov, Anton"]
[Black "Hebert, Jean"]
[Result "1-0"]
[WhiteElo "2599"]
[BlackElo "2410"]
[PlyCount "91"]
[GameId "2160767909648150"]
[EventDate "2011.10.07"]
[EventType "swiss"]
[EventRounds "7"]
[EventCountry "CAN"]
[SourceTitle "hb 2011"]

1. c4 e5 2. Nc3 Nc6 3. g3 f5 4. Bg2 Nf6 5. e3 g6 6. d3 Bg7 7. Nge2 d6 8. O-O O-O 9. Rb1 Be6 10. Nd5 Qd7 11. d4 exd4 12. exd4 Bf7 13. Nxf6+ Bxf6 14. d5 Ne5 15. b3 Rfe8 16. h3 Qe7 17. Nd4 Nd7 18. Bb2 Nf8 19. g4 fxg4 20. hxg4 Bg7 21. f4 Qh4 22. g5 h6 23. gxh6 Qxh6 24. Qg4 Nh7 25. Ne6 Bxe6 26. dxe6 c6 27. Bh3 Re7 28. Ba3 Bd4+ 29. Kh2 Nf6 30. Qg5 Qxg5 31. fxg5 Be5+ 32. Kg2 Nh5 33. Rbe1 Nf4+ 34. Kg3 Rh7 35. Rxf4 Bxf4+ 36. Kxf4 Rxh3 37. Bxd6 Re8 38. Bc5 Rd3 39. Ke5 b6 40. Bd6 Rf3 41. Bc7 c5 42. Kd6 Rd3+ 43. Kc6 Rd2 44. e7 Kf7 45. Bd6 Rf2 46. Kd7 1-0

[Event "Quebec-ch Elite"]
[Site "Montreal CAN"]
[Date "2011.10.10"]
[Round "6"]
[White "Hebert, Jean"]
[Black "MacKinnon, Keith"]
[Result "1/2-1/2"]
[WhiteElo "2410"]
[BlackElo "2241"]
[PlyCount "65"]
[GameId "2160767909648165"]
[EventDate "2011.10.07"]
[EventType "swiss"]
[EventRounds "7"]
[EventCountry "CAN"]
[SourceTitle "hb 2011"]

1. d4 Nf6 2. c4 e6 3. Nf3 b6 4. a3 c5 5. d5 exd5 6. cxd5 g6 7. Nc3 Bg7 8. e4 O-O 9. Be2 Re8 10. Nd2 d6 11. O-O Nbd7 12. f4 a6 13. a4 Rb8 14. Kh1 Qc7 15. Ra3 Nf8 16. e5 dxe5 17. fxe5 Qxe5 18. Nc4 Qd4 19. Bf4 Ra8 20. Nxb6 Ra7 21. Nxc8 Rxc8 22. Ra1 Rd8 23. d6 Ne6 24. Bg3 Ne8 25. Qb3 Nxd6 26. Bf2 Qe5 27. Bg3 Qd4 28. Bf2 Qe5 29. Rae1 Qg5 30. h4 Qe7 31. Bg4 Rb7 32. Qa2 Nf5 33. Bxf5 1/2-1/2

[Event "Quebec-ch Elite"]
[Site "Montreal CAN"]
[Date "2011.10.10"]
[Round "7"]
[White "Sambuev, Bator"]
[Black "Hebert, Jean"]
[Result "1/2-1/2"]
[WhiteElo "2578"]
[BlackElo "2410"]
[PlyCount "149"]
[GameId "2160767909648181"]
[EventDate "2011.10.07"]
[EventType "swiss"]
[EventRounds "7"]
[EventCountry "CAN"]
[SourceTitle "hb 2011"]

1. d4 d5 2. Nf3 c6 3. Bg5 Bf5 4. Nbd2 Nd7 5. c4 h6 6. Bf4 Ngf6 7. Qb3 Qb6 8. c5 Qxb3 9. axb3 g5 10. Bc7 Bg7 11. h3 Ne4 12. e3 Nxd2 13. Kxd2 O-O 14. b4 a6 15. Bd3 Bxd3 16. Kxd3 Rac8 17. Bh2 f5 18. h4 g4 19. Ne5 Bxe5 20. dxe5 Kf7 21. h5 Ke6 22. Kd4 Rh8 23. Rhc1 Nf8 24. b5 axb5 25. Ra7 Kf7 26. Rxb7 Ne6+ 27. Kd3 Rb8 28. Rxb8 Rxb8 29. Ra1 Nxc5+ 30. Kc2 Ne6 31. Bg3 Rc8 32. Ra7 c5 33. Rd7 d4 34. Rb7 b4 35. Bh4 Re8 36. Kd3 dxe3 37. Kxe3 Kf8 38. f3 gxf3 39. gxf3 Kf7 40. Rd7 Ng7 41. Rc7 Ne6 42. Rb7 Nd8 43. Rd7 Ke6 44. Rc7 Kxe5 45. Rxc5+ Ke6 46. Rc4 b3 47. Rc3 Nf7 48. Rxb3 Nd6 49. Kf4 Kf7 50. Re3 e6 51. b3 Rb8 52. Ke5 Ne8 53. Rd3 Rb5+ 54. Kf4 Nf6 55. Ke3 Nxh5 56. Be1 Nf6 57. Kd4 Rd5+ 58. Kc3 Rxd3+ 59. Kxd3 e5 60. Kc4 Ke6 61. b4 h5 62. Kc5 Nd7+ 63. Kc6 e4 64. f4 e3 65. b5 e2 66. Bf2 Nb8+ 67. Kc7 Nd7 68. Kc6 Nb8+ 69. Kc5 Nd7+ 70. Kc4 Nb6+ 71. Kc5 Nd5 72. Kc6 Nb4+ 73. Kc7 Nd5+ 74. Kc6 Nb4+ 75. Kc7 1/2-1/2

[Event "Montreal op"]
[Site "Montreal CAN"]
[Date "2011.09.10"]
[Round "2"]
[White "Hebert, Jean"]
[Black "Khashper, Arkady"]
[Result "1-0"]
[WhiteElo "2416"]
[BlackElo "2115"]
[PlyCount "87"]
[GameId "2160767909648375"]
[EventDate "2011.09.09"]
[EventType "swiss"]
[EventRounds "5"]
[EventCountry "CAN"]
[SourceTitle "CBM 144 Extra"]
[Source "ChessBase"]
[SourceDate "2011.10.28"]
[SourceVersion "1"]
[SourceVersionDate "2011.10.28"]
[SourceQuality "1"]

1. d4 e6 2. c4 f5 3. Nf3 Nf6 4. Qc2 Be7 5. g3 O-O 6. Bg2 d6 7. Nc3 Qe8 8. O-O Kh8 9. Bf4 Nc6 10. Rad1 Nd7 11. Bc1 Qg6 12. a3 a6 13. d5 Nce5 14. Nd4 Nb6 15. Nxe6 Bxe6 16. dxe6 c6 17. b3 Qxe6 18. Rfe1 Ng6 19. e3 Rad8 20. Ne2 Bg5 21. h4 Bf6 22. Nd4 Bxd4 23. exd4 Qf7 24. h5 Ne7 25. h6 d5 26. Bg5 Rde8 27. Qd2 Ng8 28. hxg7+ Qxg7 29. cxd5 Nxd5 30. Bxd5 cxd5 31. Bf4 Re4 32. f3 Rxe1+ 33. Rxe1 Nf6 34. Re6 Qd7 35. Rd6 Qg7 36. Be5 Kg8 37. Qf4 Qg6 38. Qh4 Kg7 39. Rxd5 f4 40. Bxf6+ Qxf6 41. Rd7+ Rf7 42. Qxf6+ Kxf6 43. Rxf7+ Kxf7 44. gxf4 1-0

[Event "Montreal op"]
[Site "Montreal CAN"]
[Date "2011.09.10"]
[Round "3.2"]
[White "Caire, Francois"]
[Black "Hebert, Jean"]
[Result "1/2-1/2"]
[WhiteElo "2167"]
[BlackElo "2416"]
[PlyCount "97"]
[GameId "2160767909648399"]
[EventDate "2011.09.09"]
[EventType "swiss"]
[EventRounds "5"]
[EventCountry "CAN"]

1. d4 Nf6 2. c4 e6 3. Nc3 Bb4 4. e3 c5 5. Nge2 cxd4 6. exd4 O-O 7. a3 Be7 8. Nf4 d6 9. Be2 Nbd7 10. O-O a6 11. Be3 Qc7 12. Rc1 b6 13. Qd2 Re8 14. Rfd1 Bf8 15. b4 Bb7 16. f3 Rac8 17. Bf1 Qb8 18. Qf2 Be7 19. Bd3 d5 20. c5 g6 21. Bf1 bxc5 22. bxc5 Qa7 23. Nd3 Nb8 24. Rb1 Nfd7 25. Rb2 Bf6 26. Rdb1 Bc6 27. f4 Qa8 28. Rb3 Bd8 29. Ne5 f6 30. Nxc6 Nxc6 31. g4 f5 32. g5 Na5 33. Rb4 Nc6 34. R4b2 Na5 35. Bd3 Qc6 36. Qe2 Ra8 37. Bd2 Re7 38. Rb4 Qc8 39. Be3 Nc6 40. R4b2 Na5 41. Qf1 Qc6 42. Be2 Nf8 43. Rb4 Qc8 44. Qg2 Nc6 45. R4b3 Na5 46. R3b2 Rd7 47. Rb4 Nc6 48. R4b2 Na5 49. Rb4 1/2-1/2

[Event "Montreal op"]
[Site "Montreal CAN"]
[Date "2011.09.11"]
[Round "4.3"]
[White "Hebert, Jean"]
[Black "Kraiouchkine, Nikita"]
[Result "1-0"]
[WhiteElo "2416"]
[BlackElo "2181"]
[PlyCount "103"]
[GameId "2160767909648422"]
[EventDate "2011.09.09"]
[EventType "swiss"]
[EventRounds "5"]
[EventCountry "CAN"]

1. c4 e5 2. Nc3 Nc6 3. g3 g6 4. Bg2 Bg7 5. Rb1 a5 6. a3 d6 7. b4 axb4 8. axb4 f5 9. b5 Nd4 10. d3 Ne7 11. e3 Ne6 12. Nge2 c6 13. d4 exd4 14. exd4 d5 15. cxd5 Nxd5 16. Nxd5 cxd5 17. O-O b6 18. Nf4 Nc7 19. h4 O-O 20. Re1 Qd7 21. h5 g5 22. h6 Bxh6 23. Qh5 Qd6 24. Ne6 Nxe6 25. Qxh6 Rd8 26. Bxg5 Nxg5 27. Qxg5+ Kh8 28. Re5 Rg8 29. Qf4 Bb7 30. Rbe1 Raf8 31. Bf3 Rf7 32. Kg2 Bc8 33. Bxd5 Bb7 34. Bxb7 Rxb7 35. Rxf5 Qxf4 36. Rxf4 Rd8 37. Re5 Rd6 38. Kf3 Rbd7 39. Rg4 h6 40. Ke3 Kh7 41. Rge4 Kg8 42. Re6 Kf7 43. Rxd6 Rxd6 44. Re5 Rg6 45. Ke4 Rg4+ 46. Kd5 Rg6 47. Ke4 Rg4+ 48. Kd5 Rg6 49. Re3 Rf6 50. f4 h5 51. Rc3 Rg6 52. f5 1-0

[Event "Montreal op"]
[Site "Montreal CAN"]
[Date "2011.09.11"]
[Round "5.2"]
[White "Masse, Hugues"]
[Black "Hebert, Jean"]
[Result "1-0"]
[WhiteElo "2239"]
[BlackElo "2416"]
[PlyCount "141"]
[GameId "2160767909648445"]
[EventDate "2011.09.09"]
[EventType "swiss"]
[EventRounds "5"]
[EventCountry "CAN"]

1. d4 Nf6 2. c4 e6 3. Nc3 c5 4. d5 exd5 5. cxd5 g6 6. e4 d6 7. Bd3 Bg7 8. h3 a6 9. a4 Nh5 10. Nf3 O-O 11. O-O Re8 12. Re1 Nd7 13. Bg5 Bf6 14. Bh6 Ne5 15. Be2 Nxf3+ 16. Bxf3 Ng7 17. Qd2 Rb8 18. Rab1 Qc7 19. Rec1 Bd7 20. Bf4 b5 21. axb5 axb5 22. b4 c4 23. Be3 Be5 24. Ra1 Ra8 25. Bd4 f6 26. Bd1 Reb8 27. f4 Bxd4+ 28. Qxd4 Ne8 29. Bf3 Qd8 30. Kh1 Rxa1 31. Rxa1 Ra8 32. Ra7 Rxa7 33. Qxa7 Qc8 34. Kh2 Qc7 35. Qxc7 Nxc7 36. Kg3 Kf7 37. Kf2 g5 38. fxg5 fxg5 39. Ke3 Na6 40. Na2 Ke7 41. Kd4 Kf6 42. Bg4 Bxg4 43. hxg4 h6 44. Nc3 Nxb4 45. Nxb5 Ke7 46. Na3 Nd3 47. Nxc4 Nf4 48. g3 Ne2+ 49. Ke3 Nc3 50. Nb2 Nb5 51. Kd3 Nc7 52. Nc4 Nb5 53. Ne3 Kf6 54. Kc4 Nc7 55. Kd4 Nb5+ 56. Kd3 Ke5 57. Nf5 Nc7 58. Nxh6 Kf6 59. Nf5 Ke5 60. Nd4 Kf6 61. Nf3 Nb5 62. Kc4 Na3+ 63. Kb3 Nb5 64. Kb4 Nc7 65. Ka5 Ne8 66. Kb6 Ke7 67. Nxg5 Nf6 68. Kc6 Nxg4 69. Nf3 Ne3 70. Nd4 Nc4 71. Nf5+ 1-0

[Event "Quebec op"]
[Site "Montreal CAN"]
[Date "2011.07.23"]
[Round "1.16"]
[White "Hebert, Jean"]
[Black "Caceres Cortes, Julio"]
[Result "1-0"]
[WhiteElo "2412"]
[BlackElo "1987"]
[PlyCount "111"]
[GameId "2160767909649273"]
[EventDate "2011.07.23"]
[EventType "swiss"]
[EventRounds "9"]
[EventCountry "CAN"]
[SourceTitle "EXT 2022"]
[Source "ChessBase"]
[SourceDate "2021.10.06"]
[SourceVersion "1"]
[SourceVersionDate "2021.10.06"]
[SourceQuality "1"]

1. d4 Nf6 2. c4 e6 3. Nf3 b6 4. a3 Bb7 5. Nc3 Be7 6. d5 exd5 7. cxd5 O-O 8. g3 a5 9. Bg2 Na6 10. O-O Nc5 11. Nd4 Re8 12. Bf4 Bf8 13. Ndb5 d6 14. Qc2 g6 15. Rad1 Ba6 16. Nd4 Nh5 17. Bc1 Bg7 18. Rfe1 a4 19. Nc6 Qd7 20. Na2 f5 21. Nab4 Bc8 22. Bd2 Qf7 23. e3 Ne4 24. Bc3 Nhf6 25. Bd4 Bd7 26. Qc4 Kh8 27. f3 Nc5 28. Bc3 Kg8 29. Nd4 Bh6 30. Ndc2 Re7 31. Bf1 Rae8 32. Nc6 Bxc6 33. dxc6 d5 34. Qd4 Bg7 35. Nb4 Nb3 36. Qf4 Nh5 37. Qh4 Bxc3 38. bxc3 Nf6 39. Nxd5 Nxd5 40. Rxd5 f4 41. Rd7 Na5 42. Bb5 fxg3 43. Qxg3 Qf6 44. Qxc7 Qg5+ 45. Kf2 Qh4+ 46. Qg3 Qh5 47. Rxe7 Rxe7 48. c4 Qc5 49. Qg4 Qxa3 50. c7 Rxc7 51. Qe6+ Rf7 52. Be8 Qf8 53. Ra1 a3 54. Rxa3 Kh8 55. Qxf7 Qxa3 56. Qf6+ 1-0

[Event "Quebec op"]
[Site "Montreal CAN"]
[Date "2011.07.24"]
[Round "3"]
[White "Hebert, Jean"]
[Black "Chiku-Ratte, Olivier-Kenta"]
[Result "1-0"]
[WhiteElo "2397"]
[BlackElo "2098"]
[PlyCount "109"]
[GameId "2160767909649336"]
[EventDate "2011.07.23"]
[EventType "swiss"]
[EventRounds "9"]
[EventCountry "CAN"]
[SourceTitle "EXT 2022"]
[Source "ChessBase"]
[SourceDate "2021.10.06"]
[SourceVersion "1"]
[SourceVersionDate "2021.10.06"]
[SourceQuality "1"]

1. d4 Nf6 2. c4 c5 3. d5 e6 4. Nc3 exd5 5. cxd5 d6 6. Nf3 g6 7. g3 Bg7 8. Bg2 O-O 9. O-O a6 10. a4 Re8 11. Nd2 Ng4 12. h3 Ne5 13. f4 Ned7 14. Nc4 Nb6 15. Na3 Bd7 16. a5 Nc8 17. Qb3 b5 18. axb6 Nxb6 19. e4 f5 20. e5 dxe5 21. Be3 Bc8 22. Bxc5 N8d7 23. Be3 e4 24. Nc2 Bb7 25. Rfd1 Qc7 26. Bf1 Qd6 27. Nb4 Nc5 28. Qa3 Bf8 29. Nc2 Rac8 30. Bd4 Qc7 31. Qa2 Bd6 32. Ne3 Qf7 33. b4 Ncd7 34. Qa5 Qe7 35. Rab1 Bc7 36. Qa2 Bd6 37. Qa5 Bc7 38. Bxa6 Nc4 39. Bxc4 Bxa5 40. d6+ Rxc4 41. dxe7 Rxb4 42. Ncd5 Bxd5 43. Nxd5 Rxb1 44. Rxb1 Kf7 45. Rb7 Ke6 46. Rb5 Bd2 47. Kf2 Kd6 48. Ke2 Kc6 49. Kxd2 Kxb5 50. Nc7+ Kc4 51. Nxe8 Kxd4 52. Nd6 Nf6 53. e8=Q Nxe8 54. Nxe8 Kd5 55. Nf6+ 1-0

[Event "Quebec op"]
[Site "Montreal CAN"]
[Date "2011.07.25"]
[Round "4"]
[White "Plante, Michel"]
[Black "Hebert, Jean"]
[Result "0-1"]
[WhiteElo "2066"]
[BlackElo "2412"]
[PlyCount "70"]
[GameId "2160767909649388"]
[EventDate "2011.07.23"]
[EventType "swiss"]
[EventRounds "9"]
[EventCountry "CAN"]
[SourceTitle "EXT 2022"]
[Source "ChessBase"]
[SourceDate "2021.10.06"]
[SourceVersion "1"]
[SourceVersionDate "2021.10.06"]
[SourceQuality "1"]

1. d4 Nf6 2. Nc3 d5 3. Bg5 Nbd7 4. f3 c6 5. e4 Qb6 6. a3 g6 7. e5 Nh5 8. g4 Ng7 9. Bh6 Ne6 10. Bxf8 Ndxf8 11. Nge2 Qxb2 12. Bg2 h5 13. O-O Qb6 14. Qd2 Nd7 15. Rab1 Qa5 16. gxh5 Rxh5 17. Ng3 Rh4 18. Nge2 Nb6 19. f4 Ng7 20. Qe1 Nf5 21. Qf2 Be6 22. Rb3 O-O-O 23. Rfb1 Rdh8 24. h3 Ng7 25. Nc1 Bxh3 26. Nd3 Rg4 27. Ne1 Bxg2 28. Nxg2 Nf5 29. Nb5 cxb5 30. Qe2 Rxg2+ 31. Qxg2 Nxd4 32. Rh3 Rxh3 33. Qxh3+ Ne6 34. f5 gxf5 35. Qxf5 Qxa3 0-1

[Event "Quebec op"]
[Site "Montreal CAN"]
[Date "2011.07.26"]
[Round "5"]
[White "Hebert, Jean"]
[Black "Trottier, Emile"]
[Result "1/2-1/2"]
[WhiteElo "2412"]
[BlackElo "2032"]
[PlyCount "82"]
[GameId "2160767909649411"]
[EventDate "2011.07.23"]
[EventType "swiss"]
[EventRounds "9"]
[EventCountry "CAN"]
[SourceTitle "EXT 2022"]
[Source "ChessBase"]
[SourceDate "2021.10.06"]
[SourceVersion "1"]
[SourceVersionDate "2021.10.06"]
[SourceQuality "1"]

1. Nf3 e6 2. c4 f5 3. d4 d5 4. Bf4 Nf6 5. e3 c6 6. Nc3 Be7 7. h3 O-O 8. Bd3 Ne4 9. Qc2 Nd7 10. h4 Ndf6 11. Ne5 Nxc3 12. bxc3 Ne4 13. Bxe4 fxe4 14. Bg5 Bf6 15. f3 Qa5 16. O-O Bxe5 17. dxe5 Qc5 18. fxe4 Bd7 19. cxd5 cxd5 20. exd5 exd5 21. Qd2 h6 22. Bf4 Be6 23. Qd4 Rac8 24. Rac1 b5 25. Bg3 Rxf1+ 26. Rxf1 Qxd4 27. cxd4 Rc2 28. Rf2 Rxf2 29. Bxf2 Kf7 30. Be1 h5 31. Kf2 Bf5 32. Ba5 Ke6 33. a3 a6 34. Bb4 g6 35. Ba5 Kd7 36. Kf3 Ke6 37. Kf4 Kf7 38. Kg5 Ke6 39. Bb4 Be4 40. Bd2 Bd3 41. Kh6 Kf7 1/2-1/2

[Event "Quebec op"]
[Site "Montreal CAN"]
[Date "2011.07.27"]
[Round "6"]
[White "Hebert, Jean"]
[Black "Enkh-Amar, Galbadrakh"]
[Result "1-0"]
[WhiteElo "2412"]
[BlackElo "2179"]
[PlyCount "100"]
[GameId "2160767909649452"]
[EventDate "2011.07.23"]
[EventType "swiss"]
[EventRounds "9"]
[EventCountry "CAN"]
[SourceTitle "EXT 2022"]
[Source "ChessBase"]
[SourceDate "2021.10.06"]
[SourceVersion "1"]
[SourceVersionDate "2021.10.06"]
[SourceQuality "1"]

1. d4 Nf6 2. c4 e6 3. Nf3 b6 4. a3 Bb7 5. Nc3 d5 6. cxd5 Nxd5 7. Qc2 Nd7 8. e4 Nxc3 9. bxc3 Be7 10. Bd3 O-O 11. O-O h6 12. Qe2 c5 13. Re1 Re8 14. Bf4 Bf8 15. a4 Nf6 16. h3 Qe7 17. a5 c4 18. Bc2 b5 19. a6 Bc8 20. Reb1 Bd7 21. Ne5 Red8 22. g4 Be8 23. Qe3 Nh7 24. d5 f6 25. Nc6 Bxc6 26. dxc6 e5 27. Bg3 Qc7 28. Rxb5 Qxc6 29. Rd5 Rdb8 30. h4 Rb2 31. Bd1 Be7 32. Qc1 Rab8 33. Ba4 Qb6 34. Qf1 Bc5 35. Bd1 Kh8 36. Be2 Rc2 37. Rc1 Rb2 38. Bxc4 Qc6 39. Qd3 Bb6 40. Bb5 Qc7 41. Rc2 Rb1+ 42. Kg2 Qe7 43. c4 Rc8 44. c5 Bc7 45. Rd7 Qf8 46. Bc6 Ba5 47. Bb7 Rb8 48. Ra2 R8xb7 49. axb7 Qxc5 50. Rxa5 Qxa5 1-0